[Event "Magyar Korcsoportos Bajnokság fiú10"]
[Site "Eger"]
[Date "2022.07.23"]
[Round "1.3"]
[White "Hangay, Oliver"]
[Black "Meszaros-Csonka, David"]
[Result "1/2-1/2"]
[WhiteElo "1695"]
[BlackElo "1361"]
[PlyCount "45"]
[EventDate "2022.07.23"]
[EventType "tourn"]
[EventRounds "9"]
[EventCountry "HUN"]

1. e4 c5 2. Nf3 Nf6 3. Nc3 d5 4. exd5 Nxd5 5. Bb5+ Bd7 6. Bxd7+ Qxd7 7. O-O Nc6
8. Ne4 e6 9. b3 Be7 10. Bb2 O-O 11. d4 cxd4 12. Nxd4 Rfd8 13. Nxc6 Qxc6 14. Qg4
Bf8 15. c4 Ne7 16. Ng5 h6 17. Nf3 Nf5 18. Rad1 Qb6 19. Nh4 Nxh4 20. Qxh4 Qc7
21. Qg4 Rxd1 22. Rxd1 Rd8 23. Rc1 1/2-1/2

[Event "Magyar Korcsoportos Bajnokság fiú10"]
[Site "Eger"]
[Date "2022.07.27"]
[Round "5.4"]
[White "Papai, Mate"]
[Black "Molnar-Saska, Tamas"]
[Result "0-1"]
[WhiteElo "1385"]
[BlackElo "1455"]
[PlyCount "98"]
[EventDate "2022.07.23"]
[EventType "tourn"]
[EventRounds "9"]
[EventCountry "HUN"]

1. d4 e5 2. dxe5 Nc6 3. Nf3 Qe7 4. Bf4 Qb4+ 5. Bd2 Qxb2 6. Nc3 Bb4 7. Rb1 Qa3
8. Nb5 Bxd2+ 9. Qxd2 Qxa2 10. Rd1 Kd8 11. Qg5+ Nge7 12. e3 Nb4 13. Nfd4 Rg8 14.
e6 fxe6 15. Qc5 Nbc6 16. Bc4 Qa5+ 17. Ke2 Ke8 18. Qh5+ g6 19. Nxc6 Nxc6 20.
Qxh7 Ne7 21. Rd3 a6 22. Rhd1 d5 23. e4 axb5 24. exd5 bxc4 25. Rd4 c3 26. Re4 c6
27. d6 Qh5+ 28. Qxh5 gxh5 29. dxe7 Kxe7 30. g3 Rf8 31. Re3 Ra3 32. f3 Rd8 33.
Rxd8 Kxd8 34. Re5 h4 35. g4 b5 36. g5 Ke7 37. f4 Kf7 38. Rc5 Bd7 39. Ke3 b4 40.
Kd4 Ra1 41. Re5 Ra2 42. Kd3 Bc8 43. Kc4 Rxc2 44. Kxb4 Rxh2 45. Kxc3 Rh1 46. Re2
h3 47. Kd2 h2 48. Ke3 Ba6 49. g6+ Kg7 0-1

[Event "Magyar Korcsoportos Bajnokság fiú12"]
[Site "Eger"]
[Date "2022.07.23"]
[Round "1.1"]
[White "Onodi, Miklos"]
[Black "Horvath, Andras"]
[Result "1-0"]
[WhiteElo "1901"]
[BlackElo "1511"]
[PlyCount "59"]
[EventDate "2022.07.23"]
[EventType "tourn"]
[EventRounds "9"]
[EventCountry "HUN"]

1. d4 d5 2. Nf3 Nf6 3. g3 Bf5 4. Bg2 e6 5. c4 c6 6. Nc3 Be7 7. Qb3 Qb6 8. c5
Qxb3 9. axb3 Na6 10. Ra4 O-O 11. O-O Rfe8 12. Ne5 Bc2 13. Nxc6 Bxb3 14. Ra3
bxc6 15. Rxa6 Rec8 16. Bf4 Nh5 17. Rfa1 Nxf4 18. gxf4 Rc7 19. e3 Bc4 20. R6a4
a6 21. Bf1 Bxf1 22. Kxf1 Rca7 23. b4 a5 24. Rxa5 Rxa5 25. Rxa5 Rb8 26. b5 cxb5
27. Rxb5 Rxb5 28. Nxb5 Kf8 29. f5 e5 30. Nc7 1-0

[Event "Magyar Korcsoportos Bajnokság fiú12"]
[Site "Eger"]
[Date "2022.07.23"]
[Round "1.4"]
[White "Bod, Marton"]
[Black "Lehocz, Jozsef Jr"]
[Result "0-1"]
[WhiteElo "1758"]
[BlackElo "1919"]
[PlyCount "74"]
[EventDate "2022.07.23"]
[EventType "tourn"]
[EventRounds "9"]
[EventCountry "HUN"]

1. e4 c5 2. Nf3 d6 3. d4 cxd4 4. Nxd4 Nf6 5. Nc3 g6 6. Be3 Bg7 7. f3 O-O 8. Bc4
Nc6 9. Bb3 Bd7 10. Qd2 Rc8 11. O-O-O Ne5 12. h4 h5 13. g4 hxg4 14. h5 Nxh5 15.
Bh6 e6 16. Bxg7 Kxg7 17. fxg4 Nxg4 18. Rdg1 Ngf6 19. Qe2 Rh8 20. Qe3 Qb6 21. e5
dxe5 22. Qxe5 Qc5 23. Rg5 Qxe5 24. Rxe5 Bc6 25. Rg1 Nf4 26. Nxc6 Rxc6 27. Rf1
Rh5 28. Rb5 Ne2+ 29. Nxe2 Rxb5 30. Nd4 Rbc5 31. Nxc6 Rxc6 32. Kd2 Rd6+ 33. Ke3
g5 34. c4 Ng4+ 35. Ke2 Ne5 36. Rg1 g4 37. Ke3 f5 0-1

[Event "Magyar Korcsoportos Bajnokság fiú12"]
[Site "Eger"]
[Date "2022.07.24"]
[Round "2.1"]
[White "Horvath, Andras"]
[Black "Horvath, Matyas Sandor"]
[Result "1-0"]
[WhiteElo "1511"]
[BlackElo "1431"]
[PlyCount "41"]
[EventDate "2022.07.23"]
[EventType "tourn"]
[EventRounds "9"]
[EventCountry "HUN"]

1. e4 e5 2. Nf3 Nf6 3. Nc3 Nc6 4. d4 exd4 5. Nxd4 Bc5 6. Nxc6 bxc6 7. Bd3 h6 8.
O-O O-O 9. Bf4 d6 10. Qd2 h5 11. Rad1 Re8 12. Bg5 Bb4 13. f4 Re6 14. e5 Bxc3
15. bxc3 d5 16. exf6 gxf6 17. f5 Re8 18. Bh4 Kh7 19. Rde1 Rg8 20. Be2 Bd7 21.
Bxh5 1-0

[Event "Magyar Korcsoportos Bajnokság fiú12"]
[Site "Eger"]
[Date "2022.07.24"]
[Round "2.2"]
[White "Lehocz, Jozsef Jr"]
[Black "Karacsonyi, Bank"]
[Result "0-1"]
[WhiteElo "1919"]
[BlackElo "1791"]
[PlyCount "162"]
[EventDate "2022.07.23"]
[EventType "tourn"]
[EventRounds "9"]
[EventCountry "HUN"]

1. Nf3 Nf6 2. c4 c5 3. Nc3 Nc6 4. g3 d5 5. cxd5 Nxd5 6. Bg2 Nc7 7. O-O e5 8. d3
Be7 9. Be3 O-O 10. Rc1 Bd7 11. Qb3 Rb8 12. Nd5 Nxd5 13. Qxd5 b6 14. Nxe5 Nxe5
15. Qxe5 Bf6 16. Qd6 Bxb2 17. Rb1 Bf6 18. Bf4 Rc8 19. Bb7 Bh3 20. Rfc1 Re8 21.
Rc2 Qxd6 22. Bxd6 Rcd8 23. Bc7 Rd4 24. Bf4 g5 25. Be3 Rd6 26. Bf3 Bd7 27. Rc4
h6 28. Rbc1 Bb5 29. Re4 Rxe4 30. Bxe4 Bd4 31. Kg2 Bxe3 32. fxe3 Kg7 33. Rb1 Bc6
34. Bxc6 Rxc6 35. Rc1 Re6 36. e4 h5 37. Kf3 Kg6 38. Ke3 Rd6 39. Rf1 f6 40. Rf5
Rd4 41. Rd5 Ra4 42. Rd6 Kf7 43. Rd7+ Ke6 44. Rh7 Rxa2 45. Rxh5 b5 46. h4 b4 47.
Rh7 gxh4 48. gxh4 a5 49. h5 Ra1 50. h6 Rh1 51. Ra7 b3 52. h7 a4 53. Rxa4 Kd6
54. Ra3 c4 55. dxc4 b2 56. Rb3 Rh3+ 57. Kd4 Rxb3 58. h8=Q b1=Q 59. c5+ Kc7 60.
Qg7+ Kc6 61. Qxf6+ Kb5 62. Qb6+ Ka4 63. Qa6+ Kb4 64. Qc4+ Ka5 65. Kd5 Rb4 66.
Qd3 Qa2+ 67. Kd6 Qa4 68. Kc7 Rc4 69. Qd5 Qc2 70. c6+ Rc5 71. Qd6 Qc3 72. Kb7
Qb4+ 73. Kc7 Qb6+ 74. Kd7 Qb5 75. Qd2+ Kb6 76. Qd6 Rxc6 77. Qb8+ Ka5 78. Qxb5+
Kxb5 79. e5 Kc5 80. e6 Rd6+ 81. Ke7 Kd5 0-1

[Event "Magyar Korcsoportos Bajnokság fiú12"]
[Site "Eger"]
[Date "2022.07.24"]
[Round "2.4"]
[White "Kovacs, Kristof"]
[Black "Feher, Botond"]
[Result "0-1"]
[WhiteElo "1812"]
[BlackElo "1747"]
[PlyCount "70"]
[EventDate "2022.07.23"]
[EventType "tourn"]
[EventRounds "9"]
[EventCountry "HUN"]

1. Nf3 c5 2. g3 g6 3. Bg2 Bg7 4. c3 e5 5. d3 Nc6 6. O-O Nge7 7. e4 O-O 8. Be3
d6 9. d4 cxd4 10. cxd4 Bg4 11. d5 Nd4 12. Bxd4 exd4 13. Qd3 Bxf3 14. Bxf3 Qb6
15. Nd2 Rac8 16. Nc4 Qb4 17. Be2 b5 18. Qa3 Rxc4 19. Qxa7 Rc2 20. Bd1 Nc8 21.
Qb7 Rxb2 22. Rc1 Qd2 23. Bb3 d3 24. Rxc8 Bd4 25. Rxf8+ Kxf8 26. Qc8+ Kg7 27.
Qh3 Bxf2+ 28. Kh1 Qe3 29. Qg2 Rxb3 30. Qxf2 Qxf2 31. Rxf2 Rc3 32. Rd2 Rc1+ 33.
Kg2 Rc2 34. e5 Rxd2+ 35. Kf1 dxe5 0-1

[Event "Magyar Korcsoportos Bajnokság fiú12"]
[Site "Eger"]
[Date "2022.07.24"]
[Round "2.5"]
[White "Onodi, Miklos"]
[Black "Juhasz, Edmond"]
[Result "1-0"]
[WhiteElo "1901"]
[BlackElo "1510"]
[PlyCount "101"]
[EventDate "2022.07.23"]
[EventType "tourn"]
[EventRounds "9"]
[EventCountry "HUN"]

1. d4 d5 2. Nf3 c6 3. g3 e6 4. Bg2 Nf6 5. O-O Nbd7 6. Nbd2 Be7 7. Re1 O-O 8. e4
Nxe4 9. Nxe4 dxe4 10. Rxe4 Nf6 11. Re1 Bd7 12. Ne5 Bd6 13. c4 h6 14. Bf4 Bc7
15. Qd2 Nh7 16. Rad1 Re8 17. Qc2 Nf6 18. b4 Rb8 19. a4 a6 20. Rd2 Qc8 21. Rc1
Nh5 22. Be3 Nf6 23. f4 Bd6 24. Qb3 Rd8 25. Rdc2 Be8 26. d5 Bxe5 27. fxe5 Nd7
28. dxe6 fxe6 29. Rf1 Bg6 30. Rcf2 Qc7 31. c5 Bf5 32. Rxf5 Re8 33. Rf7 Qc8 34.
Qc3 Nf6 35. R7xf6 gxf6 36. exf6 Kf7 37. Bxh6 Rh8 38. Bg7 Rh7 39. Qd3 Rh5 40.
Be4 Rg5 41. Qe3 Qd8 42. Qxg5 Qd4+ 43. Rf2 Qxe4 44. Qh5+ Kg8 45. f7+ Kxg7 46.
f8=Q+ Rxf8 47. Qg5+ Kh7 48. Qe7+ Kg6 49. Qxf8 Qe1+ 50. Rf1 Qe3+ 51. Qf2 1-0

[Event "Magyar Korcsoportos Bajnokság fiú12"]
[Site "Eger"]
[Date "2022.07.25"]
[Round "3.1"]
[White "Juhasz, Edmond"]
[Black "Horvath, Andras"]
[Result "1-0"]
[WhiteElo "1510"]
[BlackElo "1511"]
[PlyCount "47"]
[EventDate "2022.07.23"]
[EventType "tourn"]
[EventRounds "9"]
[EventCountry "HUN"]

1. e4 e5 2. Nf3 Nc6 3. Bc4 Nf6 4. Ng5 d5 5. exd5 Na5 6. Bb5+ c6 7. dxc6 bxc6 8.
Qf3 Rb8 9. Bd3 Be7 10. Nc3 O-O 11. O-O h6 12. Nge4 Nxe4 13. Qxe4 f5 14. Qxe5
Bd6 15. Qe2 Kh8 16. b3 Bb7 17. Qh5 Qd7 18. a3 c5 19. Bb2 c4 20. bxc4 Bf4 21.
Rab1 Bxd2 22. Rfd1 g6 23. Qxg6 Bxg2 24. Nb5+ 1-0

[Event "Magyar Korcsoportos Bajnokság fiú12"]
[Site "Eger"]
[Date "2022.07.25"]
[Round "3.2"]
[White "Feher, Botond"]
[Black "Onodi, Miklos"]
[Result "0-1"]
[WhiteElo "1747"]
[BlackElo "1901"]
[PlyCount "120"]
[EventDate "2022.07.23"]
[EventType "tourn"]
[EventRounds "9"]
[EventCountry "HUN"]

1. e4 c5 2. c4 Nc6 3. Nc3 g6 4. g3 Bg7 5. Bg2 e5 6. Nge2 f5 7. O-O Nge7 8. d3
O-O 9. Bg5 d6 10. Rb1 Be6 11. Nd5 h6 12. Bxe7 Nxe7 13. Qd2 Bd7 14. Nxe7+ Qxe7
15. b4 f4 16. f3 b6 17. bxc5 dxc5 18. Nc3 Qg5 19. Qf2 h5 20. Nd5 Qh6 21. h3 g5
22. g4 hxg4 23. hxg4 Kf7 24. Rfd1 Rh8 25. Kf1 Ba4 26. Rdc1 Qh4 27. Qxh4 Rxh4
28. Nc3 Bc6 29. a4 Bf6 30. Ra1 Bd8 31. Kf2 Bc7 32. Nd5 Bxd5 33. cxd5 Ke7 34.
Rh1 Rah8 35. Rxh4 Rxh4 36. Rh1 Rxh1 37. Bxh1 Kd6 38. Ke2 c4 39. dxc4 Kc5 40.
Kd3 Kb4 41. Bg2 Bd6 42. Bf1 Kxa4 43. Be2 Kb4 44. Bd1 Bc5 45. Bc2 Ka3 46. Kc3
Bb4+ 47. Kd3 Kb2 48. Ba4 Bc5 49. Bc2 Ka3 50. Kc3 a6 51. Bb3 Bb4+ 52. Kc2 a5 53.
c5 Bxc5 54. Bc4 Kb4 55. Ba2 b5 56. Kb2 a4 57. Kc2 Ka3 58. Bb1 Bb4 59. Kc1 Kb3
60. Bc2+ Kc3 0-1

[Event "Magyar Korcsoportos Bajnokság fiú12"]
[Site "Eger"]
[Date "2022.07.25"]
[Round "3.5"]
[White "Horvath, Matyas Sandor"]
[Black "Lehocz, Jozsef Jr"]
[Result "0-1"]
[WhiteElo "1431"]
[BlackElo "1919"]
[PlyCount "76"]
[EventDate "2022.07.23"]
[EventType "tourn"]
[EventRounds "9"]
[EventCountry "HUN"]

1. d4 Nf6 2. c4 b6 3. Nc3 Bb7 4. Bf4 e6 5. a3 Be7 6. Nf3 O-O 7. e3 d5 8. Be2
Nbd7 9. b4 Bd6 10. Bg3 Bxg3 11. hxg3 c5 12. bxc5 bxc5 13. O-O Qa5 14. Qd2 cxd4
15. Qxd4 dxc4 16. Bxc4 e5 17. Qd2 Bxf3 18. gxf3 Rac8 19. Ne4 Qa4 20. Nd6 Rxc4
21. Nxc4 Qxc4 22. Rfc1 Qe6 23. Kg2 e4 24. f4 h5 25. Rh1 Nc5 26. Qd1 Nd3 27. Rh4
Rc8 28. Rh1 g6 29. Rf1 Ng4 30. Qe2 Rc3 31. f3 Rc2 32. Qxc2 Nxe3+ 33. Kg1 Nxc2
34. fxe4 Qh3 35. Rf3 Nxa1 36. Rxd3 h4 37. Kf2 Qh2+ 38. Ke3 Nc2+ 0-1

[Event "Magyar Korcsoportos Bajnokság fiú12"]
[Site "Eger"]
[Date "2022.07.26"]
[Round "4.1"]
[White "Horvath, Andras"]
[Black "Lehocz, Jozsef Jr"]
[Result "0-1"]
[WhiteElo "1511"]
[BlackElo "1919"]
[PlyCount "106"]
[EventDate "2022.07.23"]
[EventType "tourn"]
[EventRounds "9"]
[EventCountry "HUN"]

1. e4 c5 2. Nf3 Nc6 3. d4 cxd4 4. Nxd4 g6 5. Nc3 Bg7 6. Be3 Nf6 7. Qd2 O-O 8.
O-O-O d5 9. f3 dxe4 10. fxe4 Nxd4 11. Qxd4 Qa5 12. Qc5 Qxc5 13. Bxc5 Bg4 14.
Bxe7 Rfe8 15. Bxf6 Bxf6 16. Re1 Bg5+ 17. Kb1 Bd2 18. Bc4 Bxe1 19. Rxe1 Be6 20.
Nd5 Bxd5 21. Bxd5 Re7 22. Re3 Rd8 23. Rd3 Kg7 24. c4 f5 25. exf5 gxf5 26. Kc2
Kf6 27. Kd2 Rde8 28. Bf3 b6 29. Bh5 Rc8 30. b3 Kg5 31. Bf3 h5 32. Be2 h4 33.
Rd5 Rce8 34. Bd3 Re5 35. Rd7 R8e7 36. Rd8 Re8 37. Rd7 Re1 38. Rxa7 Rg1 39. Kc3
Re6 40. Rf7 Rxg2 41. Bxf5 Ree2 42. h3 Rgf2 43. Bd3 Rxf7 44. Bxe2 Rf2 45. Bg4
Rxa2 46. b4 Kf4 47. c5 bxc5 48. bxc5 Ke5 49. Kd3 Kd5 50. Ke3 Ra7 51. Kf4 Rg7
52. Kf5 Kxc5 53. Kf6 Rxg4 0-1

[Event "Magyar Korcsoportos Bajnokság fiú12"]
[Site "Eger"]
[Date "2022.07.26"]
[Round "4.3"]
[White "Kovacs, Kristof"]
[Black "Karacsonyi, Bank"]
[Result "1-0"]
[WhiteElo "1812"]
[BlackElo "1791"]
[PlyCount "77"]
[EventDate "2022.07.23"]
[EventType "tourn"]
[EventRounds "9"]
[EventCountry "HUN"]

1. d4 Nf6 2. Nf3 e6 3. g3 b5 4. Bg2 Bb7 5. O-O c5 6. c3 Be7 7. b3 O-O 8. Bb2 d6
9. Nbd2 cxd4 10. Nxd4 Qb6 11. a4 bxa4 12. Nc4 Qc7 13. Rxa4 Bxg2 14. Kxg2 Qb7+
15. Nf3 d5 16. Nce5 Nc6 17. Nxc6 Qxc6 18. Qc2 Rfc8 19. Rfa1 Bc5 20. e3 Rab8 21.
c4 Nd7 22. Qc3 e5 23. b4 Be7 24. c5 d4 25. Qd2 g5 26. exd4 exd4 27. Ra6 Qd5 28.
Qxd4 Qxd4 29. Bxd4 g4 30. Ne5 Nxe5 31. Bxe5 Rxb4 32. Rxa7 Bxc5 33. Rc1 Rb5 34.
Ra4 Re8 35. Rxg4+ Kf8 36. Bg7+ Ke7 37. Re4+ Kd7 38. Rd1+ Bd6 39. Rxd6+ 1-0

[Event "Magyar Korcsoportos Bajnokság fiú12"]
[Site "Eger"]
[Date "2022.07.26"]
[Round "4.4"]
[White "Onodi, Miklos"]
[Black "Bod, Marton"]
[Result "1-0"]
[WhiteElo "1901"]
[BlackElo "1758"]
[PlyCount "81"]
[EventDate "2022.07.23"]
[EventType "tourn"]
[EventRounds "9"]
[EventCountry "HUN"]

1. d4 Nf6 2. Nf3 g6 3. g3 Bg7 4. Bg2 O-O 5. O-O d6 6. b3 c5 7. Bb2 Nbd7 8. c4
Rb8 9. Nc3 a6 10. Qd2 b6 11. Rac1 Bb7 12. e3 Ne4 13. Nxe4 Bxe4 14. Rfd1 Nf6 15.
Qe2 Qc8 16. Bf1 Rd8 17. d5 Qb7 18. Nd2 Bf5 19. Ba1 Qd7 20. e4 Bh3 21. e5 Bxf1
22. Rxf1 Nh5 23. f4 Bh6 24. Ne4 Re8 25. Qf3 dxe5 26. Bxe5 Rb7 27. g4 f6 28.
gxh5 fxe5 29. hxg6 hxg6 30. fxe5 Qf5 31. Rc3 Rf8 32. Qxf5 gxf5 33. Rg3+ Kh7 34.
Ng5+ Bxg5 35. Rxg5 e6 36. dxe6 Re7 37. Rfxf5 Rxf5 38. Rxf5 Rxe6 39. Rf7+ Kg8
40. Rf6 Rxe5 41. Rxb6 1-0

[Event "Magyar Korcsoportos Bajnokság fiú12"]
[Site "Eger"]
[Date "2022.07.27"]
[Round "5.1"]
[White "Feher, Botond"]
[Black "Horvath, Andras"]
[Result "1-0"]
[WhiteElo "1747"]
[BlackElo "1511"]
[PlyCount "35"]
[EventDate "2022.07.23"]
[EventType "tourn"]
[EventRounds "9"]
[EventCountry "HUN"]

1. e4 e5 2. Nf3 Nc6 3. Bc4 Nf6 4. d4 exd4 5. O-O Nxe4 6. Re1 d5 7. Bxd5 Qxd5 8.
Nc3 Qh5 9. Nxe4 Be6 10. Bg5 Bd6 11. c4 dxc3 12. Nxd6+ cxd6 13. Qxd6 h6 14.
Rxe6+ fxe6 15. Qxe6+ Kf8 16. Ne5 Nxe5 17. Be7+ Ke8 18. Bd6+ 1-0

[Event "Magyar Korcsoportos Bajnokság fiú12"]
[Site "Eger"]
[Date "2022.07.27"]
[Round "5.3"]
[White "Karacsonyi, Bank"]
[Black "Onodi, Miklos"]
[Result "1-0"]
[WhiteElo "1791"]
[BlackElo "1901"]
[PlyCount "97"]
[EventDate "2022.07.23"]
[EventType "tourn"]
[EventRounds "9"]
[EventCountry "HUN"]

1. e4 c5 2. Nf3 Nf6 3. e5 Nd5 4. b3 Nc6 5. c4 Nc7 6. Bb2 Ne6 7. Na3 g6 8. g3
Bg7 9. Bg2 d6 10. Qe2 Ncd4 11. Qe4 Nxf3+ 12. Qxf3 Bxe5 13. Bxe5 dxe5 14. Qe3
Qd4 15. O-O O-O 16. Rfe1 f6 17. Bd5 Kg7 18. f4 Qxe3+ 19. Rxe3 Nd4 20. fxe5 f5
21. Rc1 e6 22. Bg2 Rb8 23. Nb5 Nxb5 24. cxb5 b6 25. d4 cxd4 26. Rc7+ Rf7 27.
Rxf7+ Kxf7 28. Rd3 Bb7 29. Rxd4 Ke7 30. Bc6 Bxc6 31. bxc6 Rd8 32. Ra4 a5 33.
Rc4 Rd1+ 34. Kg2 Kd8 35. c7+ Kc8 36. Rc6 Rd2+ 37. Kh3 b5 38. Rxe6 Kxc7 39. a3
Ra2 40. Re7+ Kc8 41. Rxh7 Rxa3 42. e6 Rxb3 43. Rh8+ Kc7 44. e7 Re3 45. e8=Q
Rxe8 46. Rxe8 a4 47. Kh4 b4 48. Ra8 a3 49. Ra4 1-0

[Event "Magyar Korcsoportos Bajnokság fiú12"]
[Site "Eger"]
[Date "2022.07.27"]
[Round "5.4"]
[White "Horvath, Matyas Sandor"]
[Black "Kovacs, Kristof"]
[Result "0-1"]
[WhiteElo "1431"]
[BlackElo "1812"]
[PlyCount "104"]
[EventDate "2022.07.23"]
[EventType "tourn"]
[EventRounds "9"]
[EventCountry "HUN"]

1. e4 e5 2. Nf3 Nc6 3. c3 d5 4. Qa4 dxe4 5. Nxe5 Qd5 6. Nxc6 bxc6 7. Bc4 Qd6 8.
O-O Nf6 9. d3 exd3 10. Bf4 Qd7 11. Bxd3 Nd5 12. Re1+ Be7 13. Bg3 O-O 14. Qc2 f5
15. f3 h6 16. Na3 f4 17. Bf2 Bxa3 18. bxa3 Qf7 19. Bc4 Bf5 20. Bd3 a5 21. Bc5
Bxd3 22. Qxd3 Rfe8 23. a4 Rad8 24. Rxe8+ Qxe8 25. Qc2 Ne3 26. Qf2 Rd3 27. Bd4
c5 28. Bxc5 Rxc3 29. Bd4 Rc2 30. Bxe3 Rxf2 31. Bxf2 Qxa4 32. h3 Qc2 33. a4 c5
34. Be1 Qb2 35. Rd1 Qb3 36. Ra1 c4 37. Bxa5 c3 38. Bxc3 Qxc3 39. Ra2 Qc4 40.
Rf2 Qxa4 41. Re2 Qd1+ 42. Kf2 g5 43. Re4 Kf7 44. h4 Kf6 45. hxg5+ hxg5 46. g4
fxg3+ 47. Kxg3 Qg1+ 48. Kh3 Qf2 49. Rg4 Qxf3+ 50. Rg3 Qf1+ 51. Kg4 Qf5+ 52. Kh5
g4+ 0-1

[Event "Magyar Korcsoportos Bajnokság fiú12"]
[Site "Eger"]
[Date "2022.07.27"]
[Round "5.5"]
[White "Lehocz, Jozsef Jr"]
[Black "Janosi, Bence"]
[Result "1-0"]
[WhiteElo "1919"]
[BlackElo "1428"]
[PlyCount "61"]
[EventDate "2022.07.23"]
[EventType "tourn"]
[EventRounds "9"]
[EventCountry "HUN"]

1. Nf3 d5 2. c4 e6 3. g3 Nf6 4. Bg2 Be7 5. d4 O-O 6. Qc2 Na6 7. O-O c6 8. a3 b6
9. Nbd2 Bb7 10. b4 Nc7 11. Bb2 Rc8 12. e4 dxe4 13. Nxe4 Nxe4 14. Qxe4 Ba8 15.
Qe3 c5 16. dxc5 bxc5 17. Rfd1 Qe8 18. b5 f6 19. a4 Rb8 20. Ba3 f5 21. Ne5 Rc8
22. Bxa8 Nxa8 23. Nd7 Bf6 24. Nxf8 Bxa1 25. Nxe6 Bf6 26. Bxc5 Kf7 27. Nf4 Qxe3
28. Bxe3 Rxc4 29. Rd7+ Ke8 30. Rxa7 Nc7 31. b6 1-0

[Event "Magyar Korcsoportos Bajnokság fiú12"]
[Site "Eger"]
[Date "2022.07.28"]
[Round "6.1"]
[White "Horvath, Andras"]
[Black "Janosi, Bence"]
[Result "0-1"]
[WhiteElo "1511"]
[BlackElo "1428"]
[PlyCount "54"]
[EventDate "2022.07.23"]
[EventType "tourn"]
[EventRounds "9"]
[EventCountry "HUN"]

1. e4 e6 2. d4 d5 3. Nd2 Nc6 4. Ngf3 Nf6 5. e5 Nd7 6. c3 f6 7. exf6 Nxf6 8. Bd3
Bd6 9. O-O O-O 10. Nb3 e5 11. dxe5 Nxe5 12. Nxe5 Bxe5 13. Bg5 c6 14. Qc2 Bxh2+
15. Kxh2 Ng4+ 16. Kg1 Qxg5 17. Be2 Ne5 18. Qd2 Qg6 19. Qe3 Re8 20. Qf4 Nf7 21.
Rfe1 Ng5 22. Qg3 Bf5 23. Nd4 Rf8 24. Nxf5 Qxf5 25. Bg4 Qf6 26. Re5 Ne4 27. Be6+
Kh8 0-1

[Event "Magyar Korcsoportos Bajnokság fiú12"]
[Site "Eger"]
[Date "2022.07.28"]
[Round "6.2"]
[White "Kovacs, Kristof"]
[Black "Lehocz, Jozsef Jr"]
[Result "0-1"]
[WhiteElo "1812"]
[BlackElo "1919"]
[PlyCount "60"]
[EventDate "2022.07.23"]
[EventType "tourn"]
[EventRounds "9"]
[EventCountry "HUN"]

1. d4 Nf6 2. g3 e6 3. Bg2 c5 4. c3 d5 5. Nf3 b5 6. O-O Bb7 7. Nbd2 Nbd7 8. Ne5
Bd6 9. f4 Qc7 10. Ndf3 Ne4 11. a4 b4 12. cxb4 cxb4 13. Be3 Ndf6 14. Qd3 O-O 15.
a5 Rac8 16. a6 Ba8 17. Rfc1 Qb6 18. g4 Bc6 19. Nxc6 Rxc6 20. Ne5 Rxc1+ 21. Rxc1
Qa5 22. h3 Qa2 23. Nc6 Qxb2 24. Nxa7 Nc3 25. Bf3 Qa2 26. Nc6 Rc8 27. Na7 Rc4
28. Bd2 Qxa6 29. Bxc3 bxc3 30. Rxc3 Qa1+ 0-1

[Event "Magyar Korcsoportos Bajnokság fiú12"]
[Site "Eger"]
[Date "2022.07.28"]
[Round "6.3"]
[White "Onodi, Miklos"]
[Black "Horvath, Matyas Sandor"]
[Result "1-0"]
[WhiteElo "1901"]
[BlackElo "1431"]
[PlyCount "99"]
[EventDate "2022.07.23"]
[EventType "tourn"]
[EventRounds "9"]
[EventCountry "HUN"]

1. d4 Nf6 2. Nf3 g6 3. g3 Bg7 4. Bg2 O-O 5. O-O c6 6. b3 d5 7. c4 dxc4 8. bxc4
c5 9. Bb2 cxd4 10. Nxd4 Qb6 11. Nb5 Nfd7 12. N1c3 Nf6 13. Na4 Qd8 14. Qxd8 Rxd8
15. Nc7 Na6 16. Nxa6 Rd2 17. Bc3 Rc2 18. Rfc1 Rxe2 19. Bf3 Re6 20. Nc7 Rb8 21.
Nxe6 Bxe6 22. Rab1 b6 23. Bd5 Bh6 24. Bxf6 Bxd5 25. Be5 Rc8 26. Bf4 Bxf4 27.
gxf4 Bxc4 28. Rc3 Be6 29. Rxc8+ Bxc8 30. Rd1 Be6 31. a3 Bb3 32. Rd8+ Kg7 33.
Nb2 e6 34. Ra8 a5 35. Ra6 Bd5 36. Rxb6 Kf6 37. Rb5 Kf5 38. Rxa5 Kxf4 39. a4 f5
40. Rxd5 exd5 41. a5 d4 42. a6 Ke4 43. a7 d3 44. a8=Q+ Kd4 45. Qd8+ Kc3 46.
Qxd3+ Kxb2 47. Kf1 Kc1 48. Ke2 Kb2 49. Kd2 Ka1 50. Kc2 1-0

[Event "Magyar Korcsoportos Bajnokság fiú12"]
[Site "Eger"]
[Date "2022.07.29"]
[Round "7.1"]
[White "Bod, Marton"]
[Black "Horvath, Andras"]
[Result "0-1"]
[WhiteElo "1758"]
[BlackElo "1511"]
[PlyCount "69"]
[EventDate "2022.07.23"]
[EventType "tourn"]
[EventRounds "9"]
[EventCountry "HUN"]

1. e4 e5 2. Nf3 Nc6 3. d4 exd4 4. Nxd4 Bc5 5. Be3 Bb6 6. g3 Nf6 7. Bg2 d6 8.
Nc3 O-O 9. Nxc6 bxc6 10. Bxb6 axb6 11. Qd2 Be6 12. f4 Re8 13. Qd3 b5 14. b3 Bf5
15. O-O Bd7 16. e5 dxe5 17. fxe5 Rxe5 18. Rad1 Re6 19. Rxf6 Qxf6 20. Qxd7 Qxc3
21. Qxc7 Re1+ 22. Rxe1 Qxe1+ 23. Bf1 Qe3+ 24. Kg2 Qd2+ 25. Kh3 Qxc2 26. Bg2
Qf5+ 27. g4 Qd3+ 28. Kh4 Qd8+ 29. Qxd8+ Rxd8 30. Bxc6 b4 31. Kg3 Rd2 32. h4
Rxa2 33. Kf3 Kf8 34. Ke3 Rh2 35. Kd4 0-1

[Event "Magyar Korcsoportos Bajnokság fiú12"]
[Site "Eger"]
[Date "2022.07.29"]
[Round "7.4"]
[White "Lehocz, Jozsef Jr"]
[Black "Onodi, Miklos"]
[Result "1-0"]
[WhiteElo "1919"]
[BlackElo "1901"]
[PlyCount "75"]
[EventDate "2022.07.23"]
[EventType "tourn"]
[EventRounds "9"]
[EventCountry "HUN"]

1. e4 c5 2. d4 cxd4 3. c3 Nf6 4. e5 Nd5 5. Nf3 Nc6 6. Bc4 Nb6 7. Bb3 d5 8. exd6
Qxd6 9. O-O Be6 10. Bxe6 Qxe6 11. Nxd4 Nxd4 12. Qxd4 Rd8 13. Qh4 Qe2 14. Nd2
Rxd2 15. Bxd2 Qxd2 16. Rad1 Qh6 17. Qg3 Qc6 18. Rd4 Nc8 19. Rfd1 Nd6 20. Qe5
Kd7 21. c4 f6 22. Qg3 g6 23. b4 b6 24. Qa3 Ke8 25. Qxa7 Bg7 26. Rxd6 Qxc4 27.
Qa8+ Kf7 28. Qd5+ Qxd5 29. R6xd5 f5 30. Rb5 Ra8 31. Rd2 Ra4 32. Rxb6 Bc3 33.
Rc2 Bd4 34. Rb7 Ke6 35. g3 Kd6 36. b5 Ra5 37. Rc6+ Kd5 38. Ra6 1-0

[Event "Magyar Korcsoportos Bajnokság fiú12"]
[Site "Eger"]
[Date "2022.07.29"]
[Round "7.5"]
[White "Janosi, Bence"]
[Black "Kovacs, Kristof"]
[Result "0-1"]
[WhiteElo "1428"]
[BlackElo "1812"]
[PlyCount "100"]
[EventDate "2022.07.23"]
[EventType "tourn"]
[EventRounds "9"]
[EventCountry "HUN"]

1. d4 d5 2. c4 e6 3. Nc3 Nf6 4. Bg5 Be7 5. Nf3 Nbd7 6. e3 b6 7. Bf4 c6 8. a3
Bb7 9. Bd3 O-O 10. h3 Rc8 11. O-O dxc4 12. Bxc4 c5 13. d5 exd5 14. Nxd5 Nxd5
15. Bxd5 Ba6 16. Re1 Nf6 17. Bb3 Qxd1 18. Raxd1 c4 19. Bc2 Rfd8 20. Ne5 Nd5 21.
Bf5 Rc5 22. Bg3 g6 23. Be4 Bf6 24. Nc6 Rxc6 25. Bxd5 Rxd5 26. Rxd5 Bxb2 27. Be5
Bxe5 28. Rxe5 c3 29. Rc1 Bc8 30. Kf1 Be6 31. Ke1 a5 32. f3 Bb3 33. Re8+ Kg7 34.
Rd8 b5 35. Ra8 a4 36. Rd8 h5 37. Rd3 c2 38. Kd2 Kf6 39. Rc3 Rd6+ 40. Rd3 Rb6
41. Rxc2 Bxc2 42. Kxc2 Ke5 43. Kb2 f5 44. Kc2 Rc6+ 45. Kd2 h4 46. f4+ Ke6 47.
Rd8 Rd6+ 48. Rxd6+ Kxd6 49. Kc2 Kc5 50. Kc3 b4+ 0-1

[Event "Magyar Korcsoportos Bajnokság fiú12"]
[Site "Eger"]
[Date "2022.07.30"]
[Round "8.1"]
[White "Horvath, Andras"]
[Black "Kovacs, Kristof"]
[Result "0-1"]
[WhiteElo "1511"]
[BlackElo "1812"]
[PlyCount "56"]
[EventDate "2022.07.23"]
[EventType "tourn"]
[EventRounds "9"]
[EventCountry "HUN"]

1. e4 e5 2. Nf3 Nc6 3. d4 exd4 4. Nxd4 Nf6 5. Nxc6 bxc6 6. Nc3 Bb4 7. Bd3 d5 8.
exd5 cxd5 9. O-O O-O 10. Bg5 c6 11. a3 Be7 12. Re1 Be6 13. Qd2 Nd7 14. Bxe7
Qxe7 15. Ba6 Nc5 16. Bd3 Qf6 17. Re3 d4 18. Ne4 Nxe4 19. Rxe4 c5 20. b3 Rfd8
21. Rae1 Rac8 22. Ba6 Rb8 23. Qa5 g6 24. Qxc5 Bf5 25. Bc4 Bxe4 26. Rxe4 d3 27.
Re1 dxc2 28. Qxa7 Qf4 0-1